Градови домаћини Летњих олимпијских игара - Statistics

General Stats
  • This quiz has been taken 604 times
    532 since last reset
  • The average score is 22 of 32
Answer Stats
Година Град % Correct
2024 Париз
97%
1924 Париз
97%
1900 Париз
97%
2020 Токио
94%
1964 Токио
94%
2012 Лондон
92%
1948 Лондон
92%
1908 Лондон
92%
2008 Пекинг
90%
2016 Рио де Жанеиро
88%
1936 Берлин
87%
2004 Атина
86%
1896 Атина
86%
1980 Москва
84%
2028 Лос Анђелес
79%
1984 Лос Анђелес
79%
1932 Лос Анђелес
79%
1960 Рим
78%
1992 Барселона
74%
2000 Сиднеј
72%
1988 Сеул
60%
1972 Минхен
57%
1996 Атланта
55%
1968 Мексико Сити
55%
1912 Стокхолм
48%
1956 Мелбурн
46%
1952 Хелсинки
42%
1928 Амстердам
40%
1976 Монтреал
30%
1920 Антверпен
25%
2032 Бризбејн
24%
1904 Сент Луис
18%
No matching quizzes found
Score Distribution
Percent of People with Each Score
Percentile by Number Answered
Your Score History
You have not taken this quiz since the last reset